[Event "Oberliga Sued W 1920"]
[Site "Germany"]
[Date "2020.01.19"]
[Round "5.4"]
[White "Busche, Stefan"]
[Black "Lang, Torsten"]
[Result "1/2-1/2"]
[WhiteElo "2068"]
[BlackElo "2326"]
[PlyCount "111"]
[EventDate "2019.09.29"]
[EventType "team-tourn"]
[EventRounds "9"]
[EventCountry "GER"]
[SourceTitle "EXT 2021"]
[Source "ChessBase"]
[SourceDate "2020.10.23"]
[SourceVersion "1"]
[SourceVersionDate "2020.10.23"]
[SourceQuality "1"]

1. e4 g6 2. d4 Bg7 3. Nc3 d6 4. Be3 a6 5. Nf3 b5 6. Bd3 Bb7 7. a4 b4 8. Ne2 Nf6 9. Ng3 Nbd7 10. h3 c5 11. c3 0-0 12. cxb4 cxb4 13. 0-0 Qa5 14. Nd2 Rfc8 15. Nb3 Qd8 16. a5 e5 17. d5 Nc5 18. Nxc5 dxc5 19. b3 Ne8 20. Qe2 Bf8 21. Rfc1 Nc7 22. Nf1 Nb5 23. Nd2 Nd4 24. Qd1 Qf6 25. Nc4 Re8 26. Nb6 Rad8 27. Na4 Rc8 28. Nb6 Rc7 29. Rab1 Qg7 30. Qf1 f5 31. Bxd4 cxd4 32. Rxc7 Qxc7 33. Rc1 Qe7 34. Qe2 Kh8 35. Re1 Qc5 36. exf5 Qxa5 37. Nc4 Qxd5 38. f3 gxf5 39. Bxf5 Bc5 40. Kh1 d3 41. Bxd3 Re7 42. Be4 Qd7 43. Bxb7 Qxb7 44. Qe4 Qxe4 45. Rxe4 Rd7 46. Rxe5 Rd1+ 47. Kh2 Bd4 48. Re6 Rb1 49. Rxa6 Rxb3 50. Kg3 Rc3 51. Nd6 Rc5 52. f4 b3 53. Ra8+ Kg7 54. Rb8 b2 55. Kf3 Rc1 56. Nf5+ 1/2-1/2

[Event "Oberliga Sued W 1920"]
[Site "Germany"]
[Date "2019.09.29"]
[Round "1.5"]
[White "Busche, Stefan"]
[Black "Friedrich, Marius"]
[Result "1/2-1/2"]
[WhiteElo "2068"]
[BlackElo "2092"]
[PlyCount "164"]
[EventDate "2019.09.29"]
[EventType "team-tourn"]
[EventRounds "9"]
[EventCountry "GER"]
[SourceTitle "EXT 2021"]
[Source "ChessBase"]
[SourceDate "2020.10.23"]
[SourceVersion "1"]
[SourceVersionDate "2020.10.23"]
[SourceQuality "1"]

1. e4 e5 2. Nf3 Nc6 3. Bb5 a6 4. Ba4 Nf6 5. 0-0 Be7 6. d3 b5 7. Bb3 d6 8. a4 Rb8 9. axb5 axb5 10. Nbd2 0-0 11. Re1 h6 12. h3 Be6 13. c3 Qd7 14. d4 exd4 15. cxd4 Bxb3 16. Qxb3 d5 17. e5 Nh7 18. Nf1 Rfd8 19. Ra6 Nf8 20. Be3 Ne6 21. Rc1 Nb4 22. Ra7 Rb6 23. Ng3 Bf8 24. Ne2 Nc6 25. Raa1 Ne7 26. Bd2 Rc6 27. Rxc6 Qxc6 28. Rc1 Qb7 29. Nf4 Nxf4 30. Bxf4 Ra8 31. e6 fxe6 32. Rxc7 Qb6 33. Rc5 b4 34. Rc1 Nf5 35. Be5 Bd6 36. Bxd6 Nxd6 37. Qd3 Nf5 38. g4 Ne7 39. Ne5 b3 40. Rc3 Ra4 41. Rxb3 Rb4 42. Rxb4 Qxb4 43. Qc3 Qxc3 44. bxc3 Nc8 45. Kf1 Nd6 46. Ke2 Ne4 47. c4 dxc4 48. Nxc4 g5 49. Ke3 Nc3 50. Nd6 Kg7 51. Kd3 Nd5 52. Ke4 Kf6 53. Nc4 Nc3+ 54. Ke3 Nd5+ 55. Kf3 Nc3 56. Nd2 Nd5 57. Nc4 Nc3 58. Ne3 Kg6 59. Nc4 Kf6 60. Ne5 Kg7 61. Nd3 Kf6 62. Ke3 Nd5+ 63. Kd2 Ke7 64. Kc2 Kf7 65. Kb3 Ke7 66. Kc4 Kf6 67. Kc5 Nc3 68. f4 Ne4+ 69. Kc6 Nc3 70. Kd6 Ne4+ 71. Kd7 gxf4 72. Nxf4 Ng5 73. h4 Nf3 74. Nxe6 Nxh4 75. d5 Nf3 76. Nf4 Ne5+ 77. Kc7 Nxg4 78. d6 Ne5 79. Nd5+ Ke6 80. Nf4+ Kf6 81. Nd5+ Ke6 82. Nf4+ Kf6 1/2-1/2

[Event "Nancy Meurthe blitz 17th"]
[Site "Nancy"]
[Date "2019.02.23"]
[Round "3"]
[White "Busche, Stefan"]
[Black "Dragicevic, Drazen"]
[Result "0-1"]
[WhiteElo "2068"]
[BlackElo "2339"]
[PlyCount "104"]
[EventDate "2019.02.24"]
[EventType "swiss (blitz)"]
[EventRounds "11"]
[EventCountry "FRA"]
[SourceTitle "CBM 189 Extra"]
[Source "ChessBase"]
[SourceDate "2019.06.03"]
[SourceVersion "1"]
[SourceVersionDate "2019.06.03"]
[SourceQuality "1"]

1. e4 c5 2. Nf3 d6 3. d4 cxd4 4. Nxd4 Nf6 5. Nc3 Bd7 6. f3 e5 7. Nb3 a5 8. a4 Bc6 9. Bg5 Be7 10. Bxf6 Bxf6 11. Bb5 0-0 12. Nd5 Bg5 13. 0-0 Kh8 14. Qd3 Nd7 15. Kh1 Nf6 16. Nxf6 Qxf6 17. Nd2 Qh6 18. Nc4 Bf4 19. h3 Qh4 20. Ne3 Qg3 21. Kg1 Rad8 22. c4 g6 23. Rfd1 f5 24. Nf1 Qg5 25. Bxc6 bxc6 26. Rab1 fxe4 27. Qxe4 d5 28. cxd5 cxd5 29. Rxd5 Rxd5 30. Qxd5 Rc8 31. Rd1 h5 32. Qd3 Rb8 33. b3 Qf6 34. Qd6 Qxd6 35. Rxd6 Rxb3 36. Rxg6 Rb1 37. Kf2 Rb2+ 38. Ke1 Ra2 39. Ra6 Rxa4 40. Ke2 Ra2+ 41. Ke1 a4 42. g3 Bg5 43. h4 Be7 44. Re6 Bb4+ 45. Kd1 Bc3 46. Rh6+ Kg7 47. Rxh5 a3 48. Rg5+ Kf6 49. Rg8 Rf2 50. Ne3 Rxf3 51. Nd5+ Kf7 52. Nxc3 Kxg8 0-1

[Event "Oberliga Sued W 1617"]
[Site "Germany"]
[Date "2017.04.23"]
[Round "9.6"]
[White "Busche, Stefan"]
[Black "Mischke, Gabriel"]
[Result "0-1"]
[WhiteElo "2061"]
[BlackElo "2038"]
[PlyCount "122"]
[EventDate "2016.09.25"]
[EventType "team-tourn"]
[EventRounds "9"]
[EventCountry "GER"]
[SourceTitle "EXT 2018"]
[Source "ChessBase"]
[SourceDate "2017.10.13"]
[SourceVersion "1"]
[SourceVersionDate "2017.10.13"]
[SourceQuality "1"]
[WhiteTeam "Saarbruecken SVG"]
[BlackTeam "Schott Mainz"]
[WhiteTeamCountry "GER"]
[BlackTeamCountry "GER"]

1. e4 c6 2. d4 d5 3. exd5 cxd5 4. c4 Nf6 5. Nc3 e6 6. Nf3 Nc6 7. c5 Be7 8. Bb5 0-0 9. Bxc6 bxc6 10. Ne5 Bb7 11. Qa4 Qc7 12. Nd3 Ne4 13. Nxe4 dxe4 14. Bf4 Qc8 15. Ne5 f6 16. Nc4 e5 17. Be3 exd4 18. Bxd4 Qe6 19. 0-0 Rad8 20. Na5 Ba8 21. Rfd1 Rd5 22. Qc2 f5 23. Nb3 Bb7 24. Re1 Ba6 25. f3 Qd7 26. fxe4 Rxd4 27. Nxd4 Qxd4+ 28. Kh1 fxe4 29. Rxe4 Qxc5 30. Qb3+ Kh8 31. Rae1 Qf5 32. h3 Bd6 33. Re8 h6 34. Rxf8+ Qxf8 35. Qe6 Qf4 36. Qe8+ Kh7 37. Qe4+ Qxe4 38. Rxe4 Bc5 39. Re6 Bb5 40. b3 Ba3 41. Kg1 Kg8 42. Re8+ Kf7 43. Rc8 Ke6 44. Rc7 Kf6 45. Kh1 a6 46. Kg1 a5 47. Kf2 c5 48. Ke3 Bf1 49. Kf2 Bd3 50. Ke3 Bb1 51. Kd2 Be4 52. g4 g6 53. Rh7 Kg5 54. Kc3 Bg2 55. h4+ Kxh4 56. Rxh6+ Kg5 57. Rh8 Kxg4 58. Kc4 g5 59. Kb5 Bb4 60. a3 Bxa3 61. Kxa5 Bb4+ 0-1

[Event "Oberliga Sued W 1516"]
[Site "Germany"]
[Date "2016.01.31"]
[Round "6.7"]
[White "Faldum, Manfred"]
[Black "Busche, Stefan"]
[Result "1-0"]
[WhiteElo "1990"]
[BlackElo "2117"]
[PlyCount "137"]
[EventDate "2015.09.20"]
[EventType "team-tourn"]
[EventRounds "9"]
[EventCountry "GER"]
[SourceTitle "EXT 2017"]
[Source "ChessBase"]
[SourceDate "2016.10.25"]
[SourceVersion "1"]
[SourceVersionDate "2016.10.25"]
[SourceQuality "1"]
[WhiteTeam "Heidesheim"]
[BlackTeam "Saarbruecken SVG"]
[WhiteTeamCountry "GER"]
[BlackTeamCountry "GER"]

1. Nf3 Nf6 2. g3 g6 3. Bg2 Bg7 4. c4 0-0 5. 0-0 d5 6. cxd5 Nxd5 7. Nc3 Nb6 8. d3 Nc6 9. Be3 e5 10. Rb1 Re8 11. b4 Nd4 12. a4 Bg4 13. Nd2 c6 14. h3 Be6 15. Nde4 Nd5 16. Bd2 b6 17. e3 Nf5 18. a5 h6 19. Qc2 Qd7 20. Kh2 Nfe7 21. Ne2 f5 22. N4c3 Red8 23. Rfd1 Rac8 24. Na4 Rb8 25. Bc1 Nc7 26. d4 Nb5 27. Bb2 e4 28. Rdc1 Rdc8 29. Nec3 Nd6 30. Ba3 Nc4 31. Ra1 Nxa3 32. Rxa3 Nd5 33. Nxd5 Bxd5 34. axb6 axb6 35. Rca1 Bf8 36. Qd2 Qb7 37. Nc3 Qe7 38. Nxd5 cxd5 39. Qa2 Qf7 40. Ra7 Rb7 41. Rxb7 Qxb7 42. Bf1 Qc6 43. b5 Qd6 44. Be2 Bg7 45. Bd1 g5 46. Bb3 Rd8 47. Rc1 Qe6 48. Rc6 Qf7 49. Rxb6 f4 50. Rb8 fxg3+ 51. fxg3 Qe7 52. Bxd5+ Kh8 53. Rxd8+ Qxd8 54. Bxe4 Qe7 55. Qc2 Bf8 56. b6 Qb4 57. b7 Bd6 58. Qc8+ Kg7 59. Qe6 Qd2+ 60. Bg2 Qb4 61. Qd5 Qb6 62. e4 Bc7 63. e5 h5 64. Qd7+ Kh6 65. Qc6+ Qxc6 66. Bxc6 Kg7 67. Kg2 Kf7 68. Kf3 Ke7 69. Ke4 1-0

[Event "Wiesbaden op 27th"]
[Site "Wiesbaden"]
[Date "2015.08.28"]
[Round "2"]
[White "Lesny, Florian"]
[Black "Busche, Stefan"]
[Result "1/2-1/2"]
[WhiteElo "1684"]
[BlackElo "2117"]
[PlyCount "90"]
[EventDate "2015.08.27"]
[EventType "swiss"]
[EventRounds "7"]
[EventCountry "GER"]
[SourceTitle "EXT 2016"]
[Source "ChessBase"]
[SourceDate "2015.10.08"]
[SourceVersion "1"]
[SourceVersionDate "2015.10.08"]
[SourceQuality "1"]

1. e4 c5 2. Nf3 e6 3. d4 cxd4 4. Nxd4 Nc6 5. c4 Nf6 6. Nc3 Bb4 7. Qd3 0-0 8. Bd2 a6 9. Be2 Qc7 10. Nxc6 dxc6 11. 0-0 Rd8 12. Bf4 Rxd3 13. Bxc7 Rd7 14. Be5 Bxc3 15. Bxc3 Nxe4 16. Ba5 Nf6 17. Rfd1 Rxd1+ 18. Rxd1 Bd7 19. g4 h6 20. h4 Be8 21. g5 hxg5 22. hxg5 Ne4 23. f4 c5 24. Bf3 Bc6 25. Bxe4 Bxe4 26. Rd8+ Rxd8 27. Bxd8 Bd3 28. Bb6 Bxc4 29. a3 Kh7 30. Bxc5 Kg6 31. Kf2 e5 32. Bd6 exf4 33. Bxf4 Kf5 34. Kg3 b5 35. Bd2 a5 36. Bc3 Kxg5 37. Bxg7 Kf5 38. Bc3 a4 39. Kf2 Ke4 40. Bf6 Kd3 41. Be5 Kc2 42. Ke3 Kb3 43. Kd2 Bd5 44. Bf6 Be6 45. Ke3 b4 1/2-1/2

[Event "Oberliga Sued W 1415"]
[Site "Germany"]
[Date "2015.02.22"]
[Round "7.4"]
[White "Rueckert, Helge"]
[Black "Busche, Stefan"]
[Result "1/2-1/2"]
[WhiteElo "2079"]
[BlackElo "2108"]
[PlyCount "131"]
[EventDate "2014.09.21"]
[EventType "team-tourn"]
[EventRounds "9"]
[EventCountry "GER"]
[SourceTitle "EXT 2019"]
[Source "ChessBase"]
[SourceDate "2018.10.10"]
[SourceVersion "1"]
[SourceVersionDate "2018.10.10"]
[SourceQuality "1"]
[WhiteTeam "Illingen Turm"]
[BlackTeam "Saarbruecken SVG"]
[WhiteTeamCountry "GER"]
[BlackTeamCountry "GER"]

1. g3 d5 2. f4 Nf6 3. Nf3 g6 4. Bg2 Bg7 5. 0-0 0-0 6. d3 c5 7. Qe1 Nc6 8. e4 dxe4 9. dxe4 b6 10. Qe2 Bg4 11. c3 e5 12. Nbd2 Qc8 13. Nc4 Qa6 14. Rf2 Rad8 15. fxe5 Nd7 16. Bg5 Ncxe5 17. Bxd8 Bxf3 18. Bxf3 Nxf3+ 19. Qxf3 Qxc4 20. Bc7 Re8 21. Rd1 Nf8 22. Rd5 f6 23. e5 f5 24. b3 Qb5 25. g4 Ne6 26. Bd6 Ng5 27. Qe3 Ne4 28. c4 Qa5 29. gxf5 Nxf2 30. Qxf2 gxf5 31. Qxf5 Qe1+ 32. Qf1 Qe3+ 33. Qf2 Qc1+ 34. Kg2 Re6 35. Rd3 Rg6+ 36. Rg3 Qb1 37. Qe2 Qf5 38. a3 Bh6 39. Qf3 Bf4 40. Qd5+ Kg7 41. Rxg6+ Qxg6+ 42. Kf3 Bxh2 43. Qb7+ Kh6 44. Qe4 Qg3+ 45. Ke2 Kg7 46. Qf3 Qf4 47. Bb8 a6 48. a4 Kf8 49. Bc7 Qxf3+ 50. Kxf3 Ke7 51. Ke4 Ke6 52. Bxb6 Bxe5 53. Bxc5 h5 54. Be3 h4 55. Bf4 Bc3 56. Kf3 Bb4 57. Bg5 h3 58. Kg3 Kf5 59. Bd8 Ke4 60. Bb6 Kd3 61. c5 Kc3 62. c6 Bd6+ 63. Kxh3 Kxb3 64. a5 Kc4 65. c7 Bxc7 66. Bxc7 1/2-1/2

[Event "Wiesbaden op 26th"]
[Site "Wiesbaden"]
[Date "2014.08.29"]
[Round "3"]
[White "Petreski, Gligur"]
[Black "Busche, Stefan"]
[Result "1/2-1/2"]
[WhiteElo "1890"]
[BlackElo "2108"]
[PlyCount "110"]
[EventDate "2014.08.28"]
[EventType "swiss"]
[EventRounds "7"]
[EventCountry "GER"]
[SourceTitle "CBM 162 Extra"]
[Source "ChessBase"]
[SourceDate "2014.10.17"]
[SourceVersion "1"]
[SourceVersionDate "2014.10.17"]
[SourceQuality "1"]

1. d4 Nf6 2. Nf3 g6 3. g3 Bg7 4. Bg2 0-0 5. 0-0 d5 6. b3 c5 7. Bb2 Ne4 8. Nbd2 Nc6 9. e3 Qa5 10. Nxe4 dxe4 11. Ne5 Nxe5 12. dxe5 Rd8 13. Qe1 Qxe1 14. Rfxe1 Bf5 15. h3 h5 16. Red1 b6 17. Bf1 Kf8 18. Kg2 Bd7 19. a4 a5 20. Be2 Bc6 21. Bc4 e6 22. Be2 Rd5 23. c4 Rdd8 24. Bc3 Ke8 25. g4 hxg4 26. hxg4 Ke7 27. g5 Rxd1 28. Rxd1 Rd8 29. Rd6 Rxd6 30. exd6+ Kf8 31. Bxg7+ Kxg7 32. Kg3 f6 33. gxf6+ Kxf6 34. Kf4 Be8 35. Kg4 Ke5 36. Kg5 Kxd6 37. Kf6 Bc6 38. Bg4 Bd7 39. Bh3 Bc8 40. Kxg6 Ke7 41. Kg5 Bb7 42. Bg2 Bc6 43. Kf4 Kf6 44. Bxe4 e5+ 45. Kf3 Be8 46. Kg4 Bd7+ 47. Kh5 Bh3 48. f4 Bf1 49. fxe5+ Kxe5 50. Bc2 Bg2 51. Kg4 Be4 52. Bd1 Bb1 53. Kf3 Bd3 54. Kf2 Bb1 55. Ke1 Bf5 1/2-1/2

[Event "BL2-Sued 1112"]
[Site "Germany"]
[Date "2011.11.21"]
[Round "3.8"]
[White "Busche, Stefan"]
[Black "Boehm, Martin"]
[Result "1-0"]
[WhiteElo "2079"]
[BlackElo "2270"]
[PlyCount "51"]
[EventDate "2011.10.02"]
[EventType "team-tourn"]
[EventRounds "9"]
[EventCountry "GER"]
[SourceTitle "EXT 2015"]
[Source "ChessBase"]
[SourceDate "2014.11.20"]
[SourceVersion "1"]
[SourceVersionDate "2014.11.20"]
[SourceQuality "1"]
[WhiteTeam "Saarbruecken"]
[BlackTeam "Boeblingen"]
[WhiteTeamCountry "GER"]
[BlackTeamCountry "GER"]

1. e4 e5 2. Nf3 Nc6 3. Bb5 Nge7 4. 0-0 g6 5. c3 Bg7 6. d4 exd4 7. cxd4 d5 8. exd5 Nxd5 9. Re1+ Be6 10. Bxc6+ bxc6 11. Bg5 Qb8 12. Qc1 0-0 13. Nc3 Re8 14. Na4 Qb5 15. Nc5 Bf5 16. Qd2 Nb4 17. Rxe8+ Rxe8 18. Re1 Rxe1+ 19. Qxe1 Qb8 20. h3 h6 21. Bf4 Bf8 22. g4 Bxc5 23. dxc5 Be6 24. Bxh6 Kh7 25. Bd2 Nd3 26. Qe3 1-0

[Event "Wiesbaden op 23rd"]
[Site "Wiesbaden"]
[Date "2011.08.27"]
[Round "5"]
[White "Busche, Stefan"]
[Black "Schuenemann, Robert"]
[Result "1/2-1/2"]
[WhiteElo "2079"]
[BlackElo "1649"]
[PlyCount "139"]
[EventDate "2011.08.25"]
[EventType "swiss"]
[EventRounds "7"]
[EventCountry "GER"]
[SourceTitle "CBM 144 Extra"]
[Source "ChessBase"]
[SourceDate "2011.10.28"]
[SourceVersion "1"]
[SourceVersionDate "2011.10.28"]
[SourceQuality "1"]

1. e4 c5 2. c3 d5 3. exd5 Qxd5 4. d4 Nc6 5. Nf3 Bg4 6. Be2 e6 7. 0-0 Nf6 8. h3 Bh5 9. Be3 Rd8 10. Qa4 cxd4 11. cxd4 Nd7 12. Nc3 Qd6 13. Rfd1 Nb6 14. Qb5 Bg6 15. d5 exd5 16. Bxb6 axb6 17. Rxd5 Qb4 18. Rxd8+ Kxd8 19. Rd1+ Bd6 20. Qd5 Ke7 21. Qg5+ f6 22. Nd5+ Kd7 23. Nxb4 fxg5 24. Bb5 Rd8 25. Kf1 Kc7 26. Nd5+ Kb8 27. Nxb6 Bc7 28. Rxd8+ Bxd8 29. Nd7+ Kc7 30. Nf8 Bf6 31. Nxg6 hxg6 32. Bxc6 Kxc6 33. Ke2 g4 34. hxg4 Bxb2 35. Nh4 g5 36. Nf5 Bf6 37. Kd3 Kc5 38. Ng3 Ba1 39. Ne4+ Kb4 40. Nd6 b6 41. Nc4 Kc5 42. Nd2 Kb4 43. Kc2 Ka3 44. Nc4+ Kxa2 45. Nxb6 Bd4 46. Nc4 Bxf2 47. Kd3 Kb3 48. Nd6 Kb4 49. Ne4 Be1 50. Nxg5 Bc3 51. Ke4 Kc5 52. Kf5 Kd5 53. Nf3 Ba1 54. g5 Bb2 55. Nh4 Ba1 56. Kg6 Ke5 57. g3 Ke4 58. Nf5 Kf3 59. Nxg7 Kxg3 60. Ne6 Kg4 61. Kf7 Bb2 62. g6 Kf5 63. Ng7+ Kg5 64. Ne6+ Kf5 65. Nc5 Ba1 66. Nd7 Bb2 67. Nb6 Ba1 68. Nd5 Bb2 69. Ne7+ Kg5 70. g7 1/2-1/2